Tous les joueurs passés par l'OL : 1950-2016 - Statistiques

Statistiques générales
  • Ce quiz a été pris 71 fois
  • Le résultat moyen est 62 sur 497
Statistiques - réponses
Premier match Joueur Nombre de matchs joués % Correct
Karim Benzema 148
80%
Grégory Coupet 519
78%
Alexandre Lacazette 276
76%
2012 Anthony Lopes 354
76%
Juninho 344
76%
2013 Miguel Lopes 31
76%
Cris 312
69%
Hatem Ben Arfa 92
67%
Hugo Lloris 202
65%
Nabil Fékir 193
65%
Corentin Tolisso 159
64%
Lisandro Lopez 168
64%
Sidney Govou 412
60%
Jérémy Toulalan 246
58%
Sonny Anderson 161
58%
Bafétimbi Gomis 241
56%
Cléber Anderson 19
56%
Clément Grenier 154
56%
Maxime Gonalons 334
56%
Alou Diarra 24
55%
Mahamadou Diarra 198
55%
Samuel Umtiti 171
55%
Yoann Gourcuff 128
55%
Anthony Réveillère 424
53%
Bernard Lacombe 258
53%
Fred 125
53%
Mathieu Valbuena 76
53%
Rémy Vercoutre 113
53%
Claudio Caçapa 176
51%
Florent Malouda 193
51%
Michael Essien 96
51%
Sylvain Wiltord 114
51%
Albert Domenech 52
47%
Raymond Domenech 293
47%
André Ferri 229
45%
Christophe Jallet 92
45%
Éric Abidal 131
45%
Jordan Ferri 213
45%
Kim Kallstrom 283
45%
Patrice Ferri 3
45%
Tiago 81
45%
Fleury Di Nallo 494
44%
John Carew 53
44%
Kader Keita 72
44%
Peguy Luyindula 126
44%
Gilbert Carrié 28
42%
Ludovic Giuly 130
42%
Bakary Koné 142
40%
César Delgado 101
40%
Jean II Makoun 105
40%
Miralem Pjanic 121
40%
Sidy Koné 5
40%
Edmilson 157
38%
François Clerc 114
38%
1976 Jean-François Cornet 2
38%
Lucas Tousart 170
38%
2015 Maxwell Cornet 227
38%
Milan Bisevac 103
38%
Florian Maurice 141
36%
Jean-Alain Boumsong 85
36%
Jimmy Briand 160
36%
Joël Muller 60
36%
Patrick Muller 220
36%
Pierre Laigle 107
36%
Bryan Bergougnoux 48
35%
Fabio Grosso 78
35%
Jérémy Morel 142
35%
Loic Rémy 19
35%
Rémi Garde 161
35%
Steed Malbranque 240
35%
Bruno Génésio 171
33%
Éric Carrière 128
33%
Mathieu Bodmer 91
33%
Nicolas Nkoulou 21
33%
Philippe Violleau 269
33%
Pierre-Alain Frau 51
33%
Rafael 140
33%
Sébastien Squillaci 87
33%
Sergi Darder 72
33%
Vikash Dhorasoo 224
33%
Christophe Delmotte 222
31%
Emmanuel Mammana 24
31%
Jérémy Bréchet 170
31%
Benoit Pedretti 30
29%
Frédéric Née 38
29%
Jacek Bak 156
29%
Marc-Vivien Foé 56
29%
Mouctar Diakhaby 55
29%
Mouhamadou Dabo 91
29%
David Linarès 205
27%
2004 Nilmar 46
27%
Pascal Olmeta 146
27%
Rachid Ghezzal 118
27%
Robert Blanc 11
27%
Serge Blanc 46
27%
Serge Chiesa 541
27%
Alain Caveglia 138
25%
Clinton Njie 43
25%
Florent Balmont 13
25%
Giovane Elber 43
25%
Gueida Fofana 104
25%
Henri Bedimo 103
25%
Lamine Diatta 64
25%
Nestor Combin 165
25%
Nicolas Puydebois 16
25%
Steve Marlet 76
25%
Anthony Mounier 27
24%
Ederson 115
24%
Éric Deflandre 126
24%
Fabio Santos 29
24%
Jérémy Berthod 99
24%
Mathieu Gorgelin 20
24%
Milan Baros 34
24%
Stéphane Roche 164
24%
Tony Vairelles 98
24%
1993 Abédi Pelé 31
22%
Aly Cissokho 136
22%
Jérémy Pied 56
22%
Maciej Rybus 27
22%
Marcelo 129
22%
Yassine Benzia 54
22%
Aimé Jacquet 27
20%
Hubert Fournier 81
20%
Jean Tigana 111
20%
Laurent Fournier 262
20%
Angel Rambert 385
18%
Florent Laville 268
18%
Frédéric Piquionne 26
18%
2009 Ishak Belfodil 13
18%
Jean-Marc Chanelet 83
18%
Mehdi Zeffane 28
18%
Nestor Rambert 28
18%
1996 Fabrice Fiorèse 2
16%
Franck Gava 170
16%
Jérémy Clément 54
16%
John Mensah 18
16%
2014 Lindsay Rose 19
16%
2008 Marc Crosas 11
16%
2011 Mathieu Valverde 1
16%
Patrice Loko 8
16%
André Guy 129
15%
1999 Angelo Hugues 4
15%
Arnold Mvuemba 82
15%
Camille Ninel 281
15%
Claude Hugues 111
15%
Claudio Garcia 66
15%
Fabian Monzon 12
15%
Farès Bahlouli 14
15%
Jean Djorkaeff 193
15%
Julien Viale 16
15%
Lamine Gassama 24
15%
Manuel Amoros 70
15%
Mapou Yanga-Mbiwa 77
15%
Yves Chauveau 490
15%
2001 Alexandre Hauw 6
13%
André Perrin 158
13%
Bruno N'Gotty 256
13%
Demba Touré 2
13%
Gaetan Perrin 3
13%
Harry Novillo 4
13%
Laurent Delamontagne 92
13%
Mohamed Yattara 23
13%
2007 Nadir Belhadj 12
13%
Patrice Carteron 120
13%
Reynald Pedros 21
13%
Sylvain Monsoreau 25
13%
Timothée Kolodziejczak 14
13%
Aimé Mignot 424
11%
Daniel Bravo 18
11%
Daniel Xuereb 98
11%
Éric Roy 128
11%
Guy Genet 59
11%
Jean-Marc Furlan 81
11%
Jean-Philippe Mateta 3
11%
Joseph-Désiré Job 53
11%
Lucien Genet 49
11%
Marcel Aubour 184
11%
Simo Nikolic 168
11%
Yohan Gomez 11
11%
Alain Olio 289
9%
Aldo Kalulu 20
9%
Claudio Bauvue 29
9%
1995 Éric Assadourian 41
9%
Frédéric Kanouté 53
9%
Ghislain Anselmini 109
9%
Gilles Rousset 104
9%
2006 Gregory Bettiol 4
9%
Jean-Luc Sassus 104
9%
Marco Grassi 30
9%
Olivier Kemen 4
9%
Sylvain Deplace 203
9%
Sylvain Idangar 1
9%
1968 Alain Thomas 2
7%
Albert Emon 69
7%
André Lerond 258
7%
Athanasio Rodriguez 29
7%
Bernard L'homme 294
7%
Christophe Cocard 60
7%
Claude-Arnaud Rivenet 81
7%
Daniel Ravier 224
7%
2010 Enzo Réale 1
7%
Ernest Schultz 169
7%
Félix Lacuesta 24
7%
François Brisson 28
7%
James Debbah 85
7%
Jean-François Domergue 42
7%
Marcel Lergenmuller 57
7%
1992 Maxence Flachez 56
7%
Olivier Rouyer 50
7%
2003 Romain Sartre 5
7%
Sauveur Rodriguez 29
7%
Torben Franck 1
7%
Yves Mariot 137
7%
Ali Bouafia 135
5%
Jean Baeza 192
5%
Jean-Christophe Devaux 75
5%
Jean-François Larios 29
5%
Jean-Marc Martinez 59
5%
Ljubomir Mihajlovic 279
5%
Mario Coluna 20
5%
Pascal Fugier 261
5%
Pierre Martinez 23
5%
Pierre Sinibaldi 1
5%
Robert Nouzaret 130
5%
Roberto Cabanas 27
5%
1994 Stéphane Paille 16
5%
Alain Moizan 73
4%
Alfonso Fernandez Leal 42
4%
Cédric Bardon 112
4%
Christian Bassila 59
4%
Christophe Deguerville 58
4%
Christopher Martins Pereira 2
4%
1988 David Durix 3
4%
David Hellebuyck 3
4%
Eugène Kabongo Ngoy 97
4%
Franck Durix 118
4%
François Lemasson 118
4%
1965 Georges Bernard 1
4%
Georges Dupraz 55
4%
Jacques Fatton 98
4%
Jean Dumas 49
4%
Jean-François Jodar 148
4%
Jean-Marc Moulin 19
4%
2016 Jordy Gaspar 3
4%
José Broissard 44
4%
2002 Laurent Montoya 2
4%
Lucien Cossou 103
4%
Marcel Leborgne 324
4%
1972 Michel Berger 5
4%
Mick McCarthy 10
4%
Olivier Bernard 25
4%
Oscar Heisserer 3
4%
2005 Romain Beynié 1
4%
Slobodan Topalovic 200
4%
Thomas Pfannkuch 2
4%
Alexandre Bès 60
2%
Andrex Calligaris 35
2%
1998 Anthony Braizat 1
2%
Antoine Jurilli 70
2%
Antonin Pajan 3
2%
Antonin Tichy 47
2%
Aziz Bouderbala 60
2%
Cédric Uras 72
2%
Dobrivoje Trivic 75
2%
Émile Juillard 53
2%
Éric Péan 28
2%
Éric Spadiny 93
2%
Eugène N'jo Léa 59
2%
Farid Benstiti 17
2%
François Félix 42
2%
Frédéric Fouret 32
2%
Georges Hatron 4
2%
Guillaume Masson 62
2%
Guy Garrigues 75
2%
Hector Maison 112
2%
Hector Scalon 11
2%
Henri Marin 18
2%
Henri Zambelli 110
2%
Jacky Colin 100
2%
Jacques Grimonpon 32
2%
Jacques Philip 37
2%
1989 Jean-Philippe Foret 1
2%
Jean-Pierre Orts 83
2%
Joël Fréchet 179
2%
Kaj Christiansen 51
2%
Kurt Linder 22
2%
Laurent Casanova 24
2%
Laurent Debrosse 89
2%
Laurent Lassagne 93
2%
Lucien Degeorges 294
2%
Marcel Duval 94
2%
Martin Salas 2
2%
1950 Mohammed Azzouz 3
2%
M'Sadek Senoussi 1
2%
1979 Olivier Roussey 1
2%
Ostap Steckiw 25
2%
Patrick Paillot 114
2%
Pierre Beetschen 98
2%
Pierre Chavrondier 27
2%
Pires Constantino 92
2%
René Deligny 12
2%
René Monnet 34
2%
Sandy Paillot 2
2%
Virginio Maschio 5
2%
Abdelhamid Kermali 74
0%
1954 Ahmed Mihoubi 9
0%
Ake Hjalmarsson 55
0%
Alain Baré 34
0%
1974 Alain Chazal 1
0%
Alain Colacicco 4
0%
Alain De Cruz 3
0%
Alain Thiry 37
0%
Alexandre Viala 37
0%
Alfonse Mattei 2
0%
1991 Alim Ben Mabrouk 15
0%
Alphonse Rolland 61
0%
André Grillon 29
0%
1963 André Pélisson 1
0%
Antoine Dalla Cieca 63
0%
1978 Antoine-Denis Ferrigno 9
0%
Benjamin Sutter 2
0%
1981 Bernard Boissier 40
0%
Bernard Ferrigno 15
0%
Bernard Roubaud 59
0%
Charles Banguillot 6
0%
Christian Navacchi 4
0%
Christian Polak 1
0%
Christophe Breton 54
0%
Christophe Desbrouillons 101
0%
1960 Claude Abbes 1
0%
1986 Claude Robin 43
0%
Daniel Bruno 25
0%
Daniel Gauge 2
0%
Daniel Lubin 80
0%
1964 Daniel Revillard 2
0%
Denis Gagneux 15
0%
1966 Denis Lavorel 2
0%
Didier Russail 8
0%
Dominique Marais 127
0%
1958 Elefterios Manolios 20
0%
Émile Antonio 184
0%
Émile Daniel 123
0%
Éric Boucher 108
0%
Éric Guichard 8
0%
1990 Éric Taborda 7
0%
Erik Kuld Jensen 72
0%
Ernest Nunge 12
0%
Erwin Kuffer 58
0%
Fernand Devlaminck 11
0%
Franck Priou 68
0%
François Bandera 16
0%
François Dechoux 13
0%
François Konrady 50
0%
Frédéric Patouillard 36
0%
2000 Frédéric Ribeiro 1
0%
Frédéric Woelh 57
0%
Frédéric Zago 68
0%
Gabriel Solakian 6
0%
Georges Prost 143
0%
Georges Taberner 28
0%
Gérard Lanthier 16
0%
Gérard Moresco 44
0%
Gerardo Giannetta 15
0%
Gilbert Bonvin 148
0%
Gilbert Conrath 4
0%
Gilbert Ravanello 42
0%
Gilles Constantinian 6
0%
Gilles De Rocco 98
0%
Guillaume Moundi 14
0%
1987 Guy Alliel 14
0%
1970 Guy Clopin 8
0%
Guy Friedrich 16
0%
1961 Guy Hatchi 139
0%
Gyora Spiegel 44
0%
1952 Hachemi Cherif 6
0%
Henri Alberto 61
0%
Henri Lewandowicz 67
0%
Henri Walter 10
0%
Hervé Goursat 33
0%
Ildo Maneiro 106
0%
Jacky Pin 29
0%
Jacques Banguillot 11
0%
Jacques Glyczinski 113
0%
Jaime Solas 38
0%
Jan Popluhar 52
0%
Jean Belver 12
0%
Jean Camilla 45
0%
Jean-Claude Chemier 27
0%
1977 Jean-Claude Gibert 4
0%
Jean-Claude Nadon 5
0%
Jean-Claude Samuel 17
0%
Jean-Claude Yacoubian 8
0%
1969 Jean-François Chevat 9
0%
Jean-François Pilloud 1
0%
Jean Gallice 68
0%
Jean-Jacques N'Domba 74
0%
Jean-Jacques Nono 114
0%
Jean-Louis Desvignes 43
0%
Jean-Louis Rivoire 65
0%
Jean Manairaud 12
0%
Jean-Marc Knapp 89
0%
Jean-Marc Valadier 63
0%
Jean-Michel Raymond 22
0%
Jean Palka 11
0%
Jean Palluch 17
0%
Jean-Paul Bernad 112
0%
Jean-Pierre Cappon 31
0%
Jean-Pierre Knayer 101
0%
Jean-Pierre Teisseire 34
0%
Jean Sabathier 10
0%
Jean Zuang 3
0%
Jérémy Sutter 1
0%
Jimmy Pistilli 1
0%
1997 Johann Charpenet 8
0%
Johann Trichet 1
0%
José Mujica 3
0%
José Pasqualetti 57
0%
1953 Joseph Piatek 22
0%
1959 Jules Sbroglia 32
0%
Karim Maroc 67
0%
Laurent Morestin 2
0%
Laurent Sevcenko 34
0%
Louis Sarrin 24
0%
Lucien Farmanian 41
0%
Lucien Gardon 16
0%
Marcel Nowak 170
0%
Marchangelli 1
0%
Mario Corian 83
0%
Michel Bossy 49
0%
Michel Cristobal 6
0%
Michel Habera 22
0%
Michel Maillard 96
0%
Michel Margottin 60
0%
Michel Valke 39
0%
Michel Zewulko 35
0%
Milan Grobarcik 85
0%
Milos Bursac 46
0%
Miodrag Zivaljevic 30
0%
1967 Mohamed Bouassa 5
0%
Mohamed Lekkak 51
0%
Mohammed Abderrazack 8
0%
Olivier Bellisi 12
0%
Olivier Ferez 4
0%
Omran Ben Yahia 10
0%
1951 Orenzo Attilio Ditto 5
0%
Pascal Havet 40
0%
Patrice Cabanel 46
0%
Patrice Monteilh 27
0%
Patrice Ouerdi 1
0%
Patrick Attar 5
0%
Patrick Baldassara 34
0%
1971 Patrick Crolle 5
0%
Paul Haenlhlen 1
0%
1957 Paul Joz 1
0%
1955 Paul Kotula 1
0%
Paul Squaglia 6
0%
1982 Philippe Millot 36
0%
Philippe N'Dioro 68
0%
1985 Philippe Somolenko 1
0%
Philippe Vargoz 62
0%
1984 Pierre Canton 4
0%
Pierre Flamion 35
0%
Pombolo Sadi Wa 37
0%
Rajko Aleksic 56
0%
Raymond Devaquez 23
0%
Raymond Dutto 79
0%
Raymond Gardon 13
0%
Raymond Schwinn 72
0%
1973 René Aznar 3
0%
René Bocchi 123
0%
René Izquierdo 3
0%
René Ramon 45
0%
René Rocco 80
0%
Robert Cacchioni 203
0%
Robert Mouynet 149
0%
Roberto Marteleur 14
0%
Robert Salen 82
0%
Robert Traba 39
0%
Robert Vallette 126
0%
Roger Duffez 58
0%
Roger Garadier 2
0%
Roland Steibel 9
0%
Romarin Bilong 115
0%
Samassi Abou 61
0%
Serge Amouret 14
0%
1983 Serge Bex 6
0%
1962 Stéphane Akélian 4
0%
Stéphane Bruey 50
0%
1980 Stéphane Somolenko 4
0%
Thadée Polak 195
0%
Thomas Remark 41
0%
1956 Victor Hernandez 1
0%
Victor Nuremberg 27
0%
Yannick Bajeot 47
0%
Yves Flohic 66
0%
1975 Yvon Delestre 29
0%
Zbigniew Misiaszek 29
0%
Aucun quiz correspondant
Distribution des résultats
% des personnes avec chaque résultat
Percentile par nombre de réponses
Votre historique - résultats
Vous n’avez pas pris ce quiz